The public philosophy

Gespeichert in:
Bibliographische Detailangaben
1. Verfasser: Lippmann, Walter (autor)
Format: Buch
Sprache:Englisch
Veröffentlicht: Nueva York Mentor Book 1956
Schlagworte:
Tags: Tag hinzufügen
Keine Tags, Fügen Sie den ersten Tag hinzu!

MARC

LEADER 00000nam a2200000 a 4500
001 UCT6318
003 CL-VaPUC
008 970106e19560000US |||||||||||||||||eng|d
082 0 4 |a 320.01  |b LIP  |2 21 
100 |a Lippmann, Walter  |e autor  |9 597656 
245 1 4 |a The public philosophy 
300 |a 144 p 
942 |c BK 
945 |d 19970106 00:00:00  |a paguirre 
260 |a Nueva York  |b Mentor Book  |c 1956 
650 7 |a FILOSOFIA POLITICA  |2 CL-VaPUC  |9 376353 
650 0 |a Política  |9 255312 
650 0 |a Ciencias Políticas  |9 255201 
650 7 |a TEORIA POLITICA  |2 CL-VaPUC  |9 376354 
650 0 |a Democracia  |9 255256 
650 0 |a Poder político  |9 255509 
650 0 |a Poder ejecutivo  |9 255177 
650 0 |a Liberalismo  |9 255715 
650 0 |a Ideologías  |9 255200 
650 0 |a Comunismo  |9 255588 
583 |a last modification  |c 19970106 00:00:00  |k Rodrigo Vera 
999 |c 255031  |d 255029 
952 |0 0  |1 0  |4 0  |6 320_010000000000000_LIP_1956  |7 0  |8 A  |9 277068  |a BIBDER  |b BIBDER  |d 2019-11-19  |i 1801821  |o 320.01 LIP 1956  |p 1801821  |r 2023-01-25  |w 2019-11-19  |y BK  |k DER